Ο λύκος και η μαμά

Αποθηκεύτηκε σε:
Λεπτομέρειες βιβλιογραφικής εγγραφής
Κύριος συγγραφέας: Αναγνώστου, Κατερίνα
Άλλοι συγγραφείς: Παρίση, Διατσέντα (Εικονογράφος)
Μορφή: Βιβλίο
Γλώσσα:Greek
Δημοσίευση: Αθήνα : Ελληνικά Γράμματα, c2007.
Σειρά:Ιστορίες που αγαπώ
Θέματα:
Ετικέτες: Προσθήκη ετικέτας
Δεν υπάρχουν, Καταχωρήστε ετικέτα πρώτοι!

MARC

LEADER 00000nam a2200000 a 4500
001 1/126729
008 230530s2007####gr | ||| |||| ||gre||
020 |a 9789601901725 
040 |a GR-MyUa  |b gre  |c GR-MyUa  |e AACR2 
041 0 |a gre 
082 7 |a 808.068   |2 (23) 
100 1 |a Αναγνώστου, Κατερίνα. 
245 1 2 |a Ο λύκος και η μαμά /   |c Κατερίνα Αναγνώστου ; εικονογράφηση: Διατσέντα Παρίση. 
260 |a Αθήνα :   |b Ελληνικά Γράμματα,   |c c2007.  
300 |a [27] σ. :   |b έγχρ. εικ. ;   |c 29 εκ.  
490 1 |a (Ιστορίες που αγαπώ / Ελληνικά Γράμματα) 
650 0 |a Children's literature 
650 0 |a Illustrated children's books 
650 0 |a Fairy tales 
655 7 |a Fairy tales  |2 lcgft 
700 1 |a Παρίση, Διατσέντα,  |e ill 
830 0 |a Ιστορίες που αγαπώ 
852 |a INST  |b RHODES  |e 20230530  |h 808.068 ΑΝΑ  |p 005400043607  |q 005400043607  |t BK  |y 0 
970 |z 30-05-2023